Statistics for Countries With More Than One Words

Click here to take the quiz!

General Stats

  • This quiz has been taken 127 times
  • The average score is 27 of 37

Answer Stats

Answer% Correct
South Korea
96%
South Africa
94%
North Korea
93%
South Sudan
92%
United States
92%
United Kingdom
91%
New Zealand
87%
Saint Kitts and Nevis
82%
Dominican Republic
80%
United Arab Emirates
80%
Saint Lucia
79%
Republic of the Congo
78%
Saint Vincent and the Grenadines
78%
Sao Tome and Principe
76%
Solomon Islands
76%
Cape Verde
75%
Marshall Islands
74%
Saudi Arabia
74%
Trinidad and Tobago
73%
Antigua and Barbuda
71%
Sri Lanka
71%
Guinea Bissau
68%
Central African Republic
67%
Costa Rica
64%
Burkina Faso
63%
El Salvador
62%
Equatorial Guinea
62%
East Timor
61%
San Marino
61%
Vatican City
58%
Bosnia Herzegovina
56%
Czech Republic
56%
Papua New Guinea
55%
Sierra Leone
55%
Cote d'Ivoire
54%
Democratic Republic of Congo
52%
Federated States of Micronesia
52%

Score Distribution

Percentile by Number Answered

Percent of People with Each Score

Your Score History

You have not taken this quiz